UM Logo

"It's on its way" : (Record no. 23164)

MARC details
000 -LEADER
fixed length control field 01065nam a22002177a 4500
005 - DATE AND TIME OF LATEST TRANSACTION
control field 20250915150635.0
008 - FIXED-LENGTH DATA ELEMENTS--GENERAL INFORMATION
fixed length control field 241112b |||||||| |||| 00| 0 eng d
082 ## - DEWEY DECIMAL CLASSIFICATION NUMBER
Classification number DPer 647.95 J826 January-December 2021 v. 24 n. 1-6
100 ## - MAIN ENTRY--PERSONAL NAME
Personal name Cicco, Roberta De.
Relator term author.
9 (RLIN) 63964
245 ## - TITLE STATEMENT
Title "It's on its way" :
Remainder of title chatbots applied for online food delivery services, social or task-oriented interaction style? /
Statement of responsibility, etc. Roberta De Cicco, Susana Cristina Lima da Costa e Silva, and Francesca Romana Alparone.
260 ## - PUBLICATION, DISTRIBUTION, ETC. (IMPRINT)
Place of publication, distribution, etc. USA ;
Name of publisher, distributor, etc. Taylor and Francis Group, LLC ,
Date of publication, distribution, etc. March-April 2021.
300 ## - PHYSICAL DESCRIPTION
Extent Volume 24, pages 140-164 :
Other physical details illustration ;
Dimensions 26 cm.
500 ## - GENERAL NOTE
General note Journal of Foodservice Business Research, vol. 24, no. 2, pages 140-164, March-April 2021.
650 #0 - SUBJECT ADDED ENTRY--TOPICAL TERM
Topical term or geographic name as entry element Online food delivery service.
9 (RLIN) 67455
650 #0 - SUBJECT ADDED ENTRY--TOPICAL TERM
Topical term or geographic name as entry element Chatbot.
9 (RLIN) 67456
650 #0 - SUBJECT ADDED ENTRY--TOPICAL TERM
Topical term or geographic name as entry element Social presence.
9 (RLIN) 67457
700 ## - ADDED ENTRY--PERSONAL NAME
Personal name Cicco, Roberta De.
Relator term author.
9 (RLIN) 63964
700 ## - ADDED ENTRY--PERSONAL NAME
Personal name Silva, Susana Cristina Lima da Costa e.
Relator term author.
9 (RLIN) 63965
700 ## - ADDED ENTRY--PERSONAL NAME
Personal name Alparone, Francesca Romana.
Relator term author.
9 (RLIN) 63966
942 ## - ADDED ENTRY ELEMENTS (KOHA)
Source of classification or shelving scheme Dewey Decimal Classification
Koha item type Periodicals
Holdings
Withdrawn status Lost status Source of classification or shelving scheme Damaged status Not for loan Collection code Home library Current library Date acquired Total Checkouts Full call number Date last seen Price effective from Koha item type Public note
    Dewey Decimal Classification     Periodicals UM Digos College - LIC UM Digos College - LIC 11/12/2024   DPer 647.95 J826 January-December 2021 v. 24 n. 1-6 11/12/2024 11/12/2024 Periodicals Periodical Article